00388 2200169 4500245002900000020002200029250001000051100001400061700001700075650001800092005001900110260003700129041001400166084000800180300002100188336000900209 aABANDONcCabot MeghText a978-979-22-8758-5 aCet.1 aCabot Meg aLucia Aryani aFiksi Inggris a20240909084333 aJakartabPenerbit Gramediac2011 aIndonesia a823 a320 hlm :c20 cm atext